| 000 | 00480nam a2200181Ia 4500 | ||
|---|---|---|---|
| 008 | 170705s9999 xx 000 0 und d | ||
| 020 | _a9780545057400 | ||
| 245 | _aHenry's freedom box : | ||
| 245 | _ba true story from the underground railroad / | ||
| 245 | _cEllen Levine ; illustrated by Kadir Nelson. | ||
| 260 | _aNew York : | ||
| 260 | _bScholastic, | ||
| 260 | _c2002 | ||
| 300 | _aunpaged : | ||
| 300 | _bcolor illustration ; | ||
| 300 | _c25cm. | ||
| 500 | _a380 | ||
| 999 |
_c335510 _d335510 |
||